/ ​ سخنورانِ ایران (Record no. 109347)

MARC details
000 -LEADER
fixed length control field 00771nam a22002537a 4500
005 - DATE AND TIME OF LATEST TRANSACTION
control field 20170123162352.0
010 ## - LIBRARY OF CONGRESS CONTROL NUMBER
LC control number A-854103
020 ## - INTERNATIONAL STANDARD BOOK NUMBER
Terms of availability 240.00
035 ## - SYSTEM CONTROL NUMBER
System control number A-854103
037 ## - SOURCE OF ACQUISITION
Source of stock number/acquisition Cen Lib/Ret
040 ## - CATALOGING SOURCE
Original cataloging agency DPL
Language of cataloging UR
082 ## - DEWEY DECIMAL CLASSIFICATION NUMBER
Classification number 841.08
Item number ف ض ل
100 ## - MAIN ENTRY--PERSONAL NAME
Personal name حق، فصل
9 (RLIN) 656
245 ## - TITLE STATEMENT
Title / ​ سخنورانِ ایران
Statement of responsibility, etc فصل حق
246 ## - VARYING FORM OF TITLE
Title proper/short title Sakhunar-e- Iran /
Remainder of title by Fasal Haq
260 ## - PUBLICATION, DISTRIBUTION, ETC. (IMPRINT)
Place of publication, distribution, etc لاہور
Name of publisher, distributor, etc ادارہ ثقافت اسلامیہ
Date of publication, distribution, etc 1990
270 ## - ADDRESS
City لاہور
Address کلب روڈ
300 ## - PHYSICAL DESCRIPTION
Extent 857p.
Dimensions 20cm(Hb)
650 ## - SUBJECT ADDED ENTRY--TOPICAL TERM
Topical term or geographic name as entry element اردو ادب
9 (RLIN) 137449
650 ## - SUBJECT ADDED ENTRY--TOPICAL TERM
Topical term or geographic name as entry element اردو شاعری
9 (RLIN) 137450
650 ## - SUBJECT ADDED ENTRY--TOPICAL TERM
Topical term or geographic name as entry element Urdu literature
9 (RLIN) 137451
650 ## - SUBJECT ADDED ENTRY--TOPICAL TERM
Topical term or geographic name as entry element Urdu poetry
9 (RLIN) 137452
942 ## - ADDED ENTRY ELEMENTS (KOHA)
Source of classification or shelving scheme Dewey Decimal Classification
Koha item type Urdu Bks
Classification part 841.08
Call number suffix ف ض ل
Holdings
Withdrawn status Lost status Damaged status Not for loan Home library Current library Date acquired Source of acquisition Cost, normal purchase price Total Checkouts Full call number Barcode Date last seen Copy number Cost, replacement price Price effective from Koha item type
        Central Library Central Library 05/03/2016 Cen Lib/Ref 240.00   841.08 ف ض ل A-854103 05/03/2016 1 240.00 05/03/2016 Urdu Bks

© Delhi Public Library
Hit Counter
free hit counter